MARC

LEADER 00000nam0a2200000 4500
001 57456
005 20231101211653.0
010 |a 5895520677 
035 |a (RuTPU)RU\TPU\book\60622 
090 |a 57456 
100 |a 20031104d2002 m y0rusy50 ca 
101 0 |a rus 
102 |a RU 
105 |a a j 001zy 
200 1 |a Механика твердых дисперсных сред в процессах химической технологии  |e учебное пособие  |f М. Б. Генералов  |g Московский государственный университет инженерной экологии 
210 |a Калуга  |c Изд-во Н. Бочкаревой  |d 2002 
215 |a 592 с.  |c ил. 
320 |a Библиография в конце глав. 
606 |a Газожидкостные процессы  |2 stltpush  |3 (RuTPU)RU\TPU\subj\31742  |9 54515 
606 1 |a Электрохимические процессы  |x Интенсификация  |2 stltpush  |3 (RuTPU)RU\TPU\subj\31785  |9 54546 
610 1 |a химическая технология 
610 1 |a твердые дисперсные среды 
610 1 |a структура 
610 1 |a напряжение 
610 1 |a деформация 
610 1 |a механика 
610 1 |a реология 
610 1 |a давление 
610 1 |a деформирование 
610 1 |a сыпучие материалы 
610 1 |a прокатка 
610 1 |a прессование 
610 1 |a шнекование 
610 1 |a волочение 
610 1 |a транспортирующие устройства 
610 1 |a движение 
610 1 |a пористые тела 
610 1 |a спекание 
610 1 |a затрачиваемая энергия 
610 1 |a теплопередача 
610 1 |a учебные пособия 
675 |a 66.087(075.8)  |v 3 
700 1 |a Генералов  |b М. Б.  |g Михаил Борисович 
712 0 2 |a Московский государственный университет инженерной экологии  |2 stltpush  |3 (RuTPU)RU\TPU\col\4003 
801 1 |a RU  |b 63413507  |c 20031104  |g PSBO 
801 2 |a RU  |b 63413507  |c 20150729  |g PSBO 
900 |a Машины и аппараты химических производств 
900 |a Процессы и аппараты химической технологии 
942 |c BK 
952 |a 510500  |b 170500  |b 171200